Anthropomorphism and teleology in reasoning about biological phenomena (Record no. 62513)

MARC details
000 -CABECERA
campo de control de longitud fija 00657nam a2200241 a 4500
005 - FECHA Y HORA DE LA ÚLTIMA TRANSACCIÓN
campo de control 20210219152852.0
008 - ELEMENTOS DE LONGITUD FIJA--INFORMACIÓN GENERAL
campo de control de longitud fija 991125n 000 0 eng u
035 ## - NÚMERO DE CONTROL DEL SISTEMA
Número de control de sistema UPN01000064277
100 ## - ASIENTO PRINCIPAL--NOMBRE PERSONAL
Nombre de persona Tamir, Pinchas
222 ## - TÍTULO CLAVE
Título clave SCIENCE EDUCATION
245 ## - MENCIÓN DE TÍTULO
Título Anthropomorphism and teleology in reasoning about biological phenomena
300 ## - DESCRIPCIÓN FÍSICA
Extensión 57-67
362 ## - FECHAS DE PUBLICACIÓN Y/O DESIGNACIÓN SECUENCIAL
Fecha de publicación y/o designación secuencial 1991 75, No. 1
505 ## - NOTA DE CONTENIDO CON FORMATO PREESTABLECIDO
Nota de contenido con formato Marzo 1993
653 0# - TERMINO DE INDIZACION - NO CONTROLADO
Término no controlado BIOLOGIA
653 0# - TERMINO DE INDIZACION - NO CONTROLADO
Término no controlado CONCEPTOS CIENTIFICOS
653 0# - TERMINO DE INDIZACION - NO CONTROLADO
Término no controlado EDUCACION CIENTIFICA
653 0# - TERMINO DE INDIZACION - NO CONTROLADO
Término no controlado FORMACION CONCEPTUAL
653 0# - TERMINO DE INDIZACION - NO CONTROLADO
Término no controlado INVESTIGACION EDUCATIVA
700 ## - ASIENTO SECUNDARIO--NOMBRE DE PERSONAL
Nombre de persona Zohar, Anat
904 ## - ELEMENTOS DE DATOS D LOCAL, LDD (RLIN)
a AC
b 002088
905 ## - TIPO DE MATERIAL
Tipo de material Articulo

No items available.